Housing law casebook (Record no. 109029)

MARC details
000 -LEADER
fixed length control field 01749cam a22002895a 4500
001 - CONTROL NUMBER
control field L146048
008 - FIXED-LENGTH DATA ELEMENTS--GENERAL INFORMATION
fixed length control field 081204s2008 xxk f g| 000 0 eng d
020 ## - INTERNATIONAL STANDARD BOOK NUMBER
International Standard Book Number 9781903307458
035 ## - SYSTEM CONTROL NUMBER
System control number (Sirsi) u146048
041 0# - LANGUAGE CODE
Language code of text/sound track or separate title eng
050 04 - LIBRARY OF CONGRESS CALL NUMBER
Classification number 306.026 $2 18
100 1# - MAIN ENTRY--PERSONAL NAME
Personal name Madge, Nic
245 00 - TITLE STATEMENT
Title Housing law casebook
250 ## - EDITION STATEMENT
Edition statement 4th ed.
260 ## - PUBLICATION, DISTRIBUTION, ETC.
Place of publication, distribution, etc. London
Name of publisher, distributor, etc. LAG Education and Service Trust Limited
Date of publication, distribution, etc. 2008
300 ## - PHYSICAL DESCRIPTION
Extent xcvi, 1091p.
Dimensions 24cm.
350 ## - PRICE (NR) (BK AM CF MU VM SE) [OBSOLETE]
Price 55
505 2# - FORMATTED CONTENTS NOTE
Formatted contents note Human rights and housing -- Tenancies and licences at common law -- Requirements for security of tenure -- Exceptions to security of tenure and the right to buy -- Security of tenure, restrictions, rights and obligations -- Notices -- Security of tenure, grounds for possession -- Reasonableness -- After the possession order -- Introductory and demoted tenancies -- Assured shorthold tenancies -- Tenants without security of tenure and trespassers -- Possession procedure -- Termination of tenancies at common law -- Harassment and illegal eviction -- Disrepair -- Long leases, service charges -- Mortgage possession proceedings -- Allocation and transfer -- Homelessness -- Housing outside the Housing Act, community care, Children Act and asylum support
520 ## - SUMMARY, ETC.
Summary, etc. New edition of this comprehensive manual on housing law covers all main areas and offers up to date guidance on case history and legislation. Chapters are organised by themes and case summaries now have explanatory headnotes.
520 ## - SUMMARY, ETC.
Summary, etc. Supersedes third edition (ISBN 1903307104).
521 ## - TARGET AUDIENCE NOTE
Target audience note Advanced
590 ## - LOCAL NOTE (RLIN)
Local note KA
651 #4 - SUBJECT ADDED ENTRY--GEOGRAPHIC NAME
Geographic name England and Wales
Chronological subdivision 1543-
690 ## - LOCAL SUBJECT ADDED ENTRY--TOPICAL TERM (OCLC, RLIN)
Topical term or geographic name as entry element PROPERTY-RESIDENTIAL PROPERTY-DOMESTIC RESIDENTIAL PROPERTY-HOUSING
700 1# - ADDED ENTRY--PERSONAL NAME
Personal name Sephton, Claire
942 ## - ADDED ENTRY ELEMENTS (KOHA)
Suppress in OPAC 0
Holdings
Withdrawn status Lost status Source of classification or shelving scheme Damaged status Not for loan Home library Current library Shelving location Date acquired Cost, normal purchase price Total Checkouts Full call number Barcode Date last seen Date last checked out Copy number Cost, replacement price Price effective from Koha item type
    Dewey Decimal Classification     London London Books 10/12/2008 55.00 2 306.026 MAD 30076425 06/08/2019 28/10/2009 1 55.00 06/08/2019 Book